000 00338cam a22001217a 4500
008 180718b1990 xxu||||| |||| 00| 0 eng d
082 _aA6x5406 M691u
100 _aMisra, B.B.
245 _aUnification and divison of India
_cby B.B. Misra
260 _aDelhi
_bOxford University Press
_c1990
300 _a422p.
650 _aIndia - History
999 _c349087
_d349087